<?xml version="1.0" encoding="UTF-8"?>
<collection xmlns="http://www.loc.gov/MARC21/slim">
 <record>
  <leader>02857caa a2200469   4500</leader>
  <controlfield tag="001">1676188150</controlfield>
  <controlfield tag="003">DE-627</controlfield>
  <controlfield tag="005">20230130131808.0</controlfield>
  <controlfield tag="007">cr cn 008aaaaa</controlfield>
  <controlfield tag="008">190906s2007    xx |||||oo    00| ||ger c</controlfield>
  <datafield tag="024" ind1="7" ind2=" ">
   <subfield code="a">urn:nbn:de:bsz:16-bus-487945</subfield>
   <subfield code="2">urn</subfield>
  </datafield>
  <datafield tag="024" ind1="7" ind2=" ">
   <subfield code="a">10.11588/bus.2007.1.48794</subfield>
   <subfield code="2">doi</subfield>
  </datafield>
  <datafield tag="035" ind1=" " ind2=" ">
   <subfield code="a">(DE-627)1676188150</subfield>
  </datafield>
  <datafield tag="035" ind1=" " ind2=" ">
   <subfield code="a">(DE-599)KXP1676188150</subfield>
  </datafield>
  <datafield tag="035" ind1=" " ind2=" ">
   <subfield code="a">(OCoLC)1264098858</subfield>
  </datafield>
  <datafield tag="040" ind1=" " ind2=" ">
   <subfield code="a">DE-627</subfield>
   <subfield code="b">ger</subfield>
   <subfield code="c">DE-627</subfield>
   <subfield code="e">rda</subfield>
  </datafield>
  <datafield tag="041" ind1=" " ind2=" ">
   <subfield code="a">ger</subfield>
  </datafield>
  <datafield tag="084" ind1=" " ind2=" ">
   <subfield code="a">KUNST</subfield>
   <subfield code="q">DE-16</subfield>
   <subfield code="2">fid</subfield>
  </datafield>
  <datafield tag="100" ind1="1" ind2=" ">
   <subfield code="a">Oelwein, Cornelia</subfield>
   <subfield code="d">1955-</subfield>
   <subfield code="e">VerfasserIn</subfield>
   <subfield code="0">(DE-588)115545719</subfield>
   <subfield code="0">(DE-627)077320336</subfield>
   <subfield code="0">(DE-576)165015780</subfield>
   <subfield code="4">aut</subfield>
  </datafield>
  <datafield tag="245" ind1="1" ind2="0">
   <subfield code="a">[Rezension von: Kurt Faltlhauser, Die Münchner Residenz - Baldassare Pistorini, Kurz gefasste Beschreibung des Palastes, Sitzes der Erlauchtigsten Fürsten von Bayern]</subfield>
   <subfield code="c">Cornelia Oelwein</subfield>
  </datafield>
  <datafield tag="264" ind1=" " ind2="1">
   <subfield code="a">Braubach</subfield>
   <subfield code="b">Europäisches Burgeninstitut</subfield>
   <subfield code="c">2007</subfield>
  </datafield>
  <datafield tag="336" ind1=" " ind2=" ">
   <subfield code="a">Text</subfield>
   <subfield code="b">txt</subfield>
   <subfield code="2">rdacontent</subfield>
  </datafield>
  <datafield tag="337" ind1=" " ind2=" ">
   <subfield code="a">Computermedien</subfield>
   <subfield code="b">c</subfield>
   <subfield code="2">rdamedia</subfield>
  </datafield>
  <datafield tag="338" ind1=" " ind2=" ">
   <subfield code="a">Online-Ressource</subfield>
   <subfield code="b">cr</subfield>
   <subfield code="2">rdacarrier</subfield>
  </datafield>
  <datafield tag="500" ind1=" " ind2=" ">
   <subfield code="a">Elektronische Reproduktion der Druckausgabe</subfield>
  </datafield>
  <datafield tag="533" ind1=" " ind2=" ">
   <subfield code="a">Online-Ausgabe</subfield>
   <subfield code="b">Heidelberg</subfield>
   <subfield code="c">arthistoricum.net</subfield>
   <subfield code="d">22.11.2018</subfield>
   <subfield code="7">|2018||||||||||</subfield>
  </datafield>
  <datafield tag="583" ind1="1" ind2=" ">
   <subfield code="a">Archivierung/Langzeitarchivierung gewährleistet</subfield>
   <subfield code="2">pdager</subfield>
   <subfield code="5">DE-16</subfield>
  </datafield>
  <datafield tag="655" ind1=" " ind2="7">
   <subfield code="a">Rezension</subfield>
   <subfield code="0">(DE-588)4049712-4</subfield>
   <subfield code="0">(DE-627)106186019</subfield>
   <subfield code="0">(DE-576)209083166</subfield>
   <subfield code="2">gnd-content</subfield>
  </datafield>
  <datafield tag="773" ind1="0" ind2="8">
   <subfield code="i">Enthalten in</subfield>
   <subfield code="t">Burgen und Schlösser</subfield>
   <subfield code="d">Braubach : Europäisches Burgeninstitut, 2017</subfield>
   <subfield code="g">48(2007), 1, Seite 62-63</subfield>
   <subfield code="h">Online-Ressource</subfield>
   <subfield code="w">(DE-627)893958700</subfield>
   <subfield code="w">(DE-600)2900293-X</subfield>
   <subfield code="w">(DE-576)491045646</subfield>
   <subfield code="x">2567-3041</subfield>
   <subfield code="7">nnns</subfield>
  </datafield>
  <datafield tag="773" ind1="1" ind2="8">
   <subfield code="g">volume:48</subfield>
   <subfield code="g">year:2007</subfield>
   <subfield code="g">number:1</subfield>
   <subfield code="g">pages:62-63</subfield>
  </datafield>
  <datafield tag="787" ind1="0" ind2="8">
   <subfield code="i">Rezension von</subfield>
   <subfield code="t">Die Münchner Residenz</subfield>
   <subfield code="d">Ostfildern : Thorbecke, 2006</subfield>
   <subfield code="h">304 S.</subfield>
   <subfield code="w">(DE-627)518349012</subfield>
   <subfield code="w">(DE-576)259860654</subfield>
   <subfield code="z">3799501746</subfield>
   <subfield code="z">3799501754</subfield>
   <subfield code="z">9783799501743</subfield>
   <subfield code="z">9783799501750</subfield>
  </datafield>
  <datafield tag="787" ind1="0" ind2="8">
   <subfield code="i">Rezension von</subfield>
   <subfield code="a">Pistorini, Baldassare, 1600 - 1660</subfield>
   <subfield code="t">Kurz gefasste Beschreibung des Palastes, Sitzes der erlauchtesten Fürsten von Bayern</subfield>
   <subfield code="d">München : Komm. für Bayerische Landesgeschichte, 2006</subfield>
   <subfield code="h">45, 199 S.</subfield>
   <subfield code="w">(DE-627)1336104988</subfield>
   <subfield code="w">(DE-576)266104983</subfield>
   <subfield code="z">3769666100</subfield>
  </datafield>
  <datafield tag="856" ind1="4" ind2="0">
   <subfield code="u">http://dx.doi.org/10.11588/bus.2007.1.48794</subfield>
   <subfield code="x">Verlag</subfield>
   <subfield code="x">Resolving-System</subfield>
   <subfield code="z">kostenfrei</subfield>
   <subfield code="3">Volltext</subfield>
  </datafield>
  <datafield tag="856" ind1="4" ind2="0">
   <subfield code="u">https://journals.ub.uni-heidelberg.de/index.php/bus/article/view/48794</subfield>
   <subfield code="x">Verlag</subfield>
   <subfield code="z">kostenfrei</subfield>
   <subfield code="3">Volltext</subfield>
  </datafield>
  <datafield tag="856" ind1="4" ind2="0">
   <subfield code="u">http://nbn-resolving.de/urn:nbn:de:bsz:16-bus-487945</subfield>
   <subfield code="x">Verlag</subfield>
   <subfield code="x">Resolving-System</subfield>
   <subfield code="z">kostenfrei</subfield>
   <subfield code="3">Volltext</subfield>
  </datafield>
  <datafield tag="936" ind1="u" ind2="w">
   <subfield code="d">48</subfield>
   <subfield code="j">2007</subfield>
   <subfield code="e">1</subfield>
   <subfield code="h">62-63</subfield>
  </datafield>
  <datafield tag="951" ind1=" " ind2=" ">
   <subfield code="a">AR</subfield>
  </datafield>
  <datafield tag="994" ind1=" " ind2=" ">
   <subfield code="u">https://journals.ub.uni-heidelberg.de/index.php/bus/article/download/48794/42220/154722</subfield>
  </datafield>
  <datafield tag="994" ind1=" " ind2=" ">
   <subfield code="u">https://journals.ub.uni-heidelberg.de/index.php/bus/article/download/48794/42220/154722</subfield>
  </datafield>
  <datafield tag="994" ind1=" " ind2=" ">
   <subfield code="u">https://journals.ub.uni-heidelberg.de/index.php/bus/article/view/48794</subfield>
  </datafield>
  <datafield tag="991" ind1=" " ind2=" ">
   <subfield code="a">Rezension (Monographie, Zeitschrift, Aufsatz)</subfield>
  </datafield>
  <datafield tag="999" ind1=" " ind2=" ">
   <subfield code="a">KXP-PPN1676188150</subfield>
   <subfield code="e">401468587X</subfield>
  </datafield>
 </record>
</collection>
